00493 a2200169 450000100060000002000150000604000220002110000200004324000440006324500390010730000080014636200090015465000230016394200070018695201130019399900170030656692 a8532508464 cAnchieta - Pituba aDanziger, Paula10aCatapora não se come, Clara Rosalpor10aCatapora não se come, Clara Rosa a1050 a1998 4aLiteratura juvenil cBK 00104070a91.1b91.1d2023-11-21l0oLJ 028.5 D199c DAN CATp6284/PITr2023-11-21 18:24:12w2023-11-21yBK c56692d56692